Liberation, imagination, and the Black Panther Party : a new look at the Panthers and their legacy

Αποθηκεύτηκε σε:
Λεπτομέρειες βιβλιογραφικής εγγραφής
Άλλοι συγγραφείς: Cleaver, Kathleen (edtf), Katsiaficas, George N., 1949- (Επιμελητής έκδοσης)
Μορφή: Βιβλίο
Γλώσσα:English
Δημοσίευση: New York ; London : Routledge, 2001.
Θέματα:
Ετικέτες: Προσθήκη ετικέτας
Δεν υπάρχουν, Καταχωρήστε ετικέτα πρώτοι!

MARC

LEADER 00000cam a2200000 i 4500
001 1/47953
008 070710s2001 nyu| ||| |||| ||eng||
020 |a 0415927838 
035 |l 10088784 
040 |a GR-MyUa  |b gre  |e AACR2 
041 0 |a eng 
082 7 |a 322.420973   |2 (22) 
245 0 0 |a Liberation, imagination, and the Black Panther Party :   |b a new look at the Panthers and their legacy /   |c edited by Kathleen Cleaver and George Katsiaficas. 
260 |a New York ;   |a London :   |b Routledge,   |c 2001. 
300 |a xiv, 319 σ. ;   |c 23 εκ. 
504 |a Περιέχει βιβλιογραφικές αναφορές και ευρετήριο. 
610 2 0 |a Black Panther Party. 
650 0 |a African Americans  |x Politics and government. 
650 0 |a Black power  |z United States. 
651 0 |a United States  |x Race relations. 
651 0 |a United States  |x Race relations  |x Political aspects. 
700 1 |a Cleaver, Kathleen,  |e edtf 
700 1 |a Katsiaficas, George N.,   |d 1949-  |e edt 
852 |a INST  |b LESVOS  |e 20070710  |h 322.420973 LIB  |p 005100037817  |q 005100037817  |t BK  |y 0 
901 |a BIBL1-2007-2 
922 |a 1ΕΛΗ  |b 200706  |c ΕΠΕΑΕΚ2/ΤΚ  |d ΠΑΠΑΣΩΤΗΡΙΟΥ 
970 |a ΒΑΡΚΑ  |b ΕΛΕΥΘΕΡΙΑ  |z 2007/07/10